000
00322nam a22001457a 4500
008
221208b ||||| |||| 00| 0 eng d
020
_a
10012345678902
041
_a
eng
080
_a
51
082
_a
51GAY
100
_a
22.2
101
_a
mate
245
_a
BEGINNING&INTERMEDIATE ALGEBRA
_c
GAY M.E
942
_2
udc
_c
BK
999
_c
59148
_d
59148